| 000 | 00700nam a2200193Ia 4500 | ||
|---|---|---|---|
| 008 | 0000001987 sp a 0000000000cat00 | ||
| 090 | _aPSP00 Z87z | ||
| 100 | 1 |
_aZush _d1946 |
|
| 245 | 1 | 0 |
_aZush _b: evrugo mental state |
| 300 |
_a[24] p. _c/ 20 cm. |
||
| 500 | _aExposición realizada en Galeria Joan Prats, Barcelona, Enero Febrero, 1987 \ Con el patronazgo del maestro venezolano Jesús Rafael Soto (q.e.p.d.) \ | ||
| 600 | 0 | 0 |
_aZUSH, 1946/ _xTRABAJOS PICTORICOS |
| 650 | 1 | 4 | _aARTE CONTEMPORANEO ESPAÑOL |
| 650 | 1 | 4 | _xCATALOGOS |
| 650 | 1 | 4 | _xEXPOSICIONES |
| 650 | 1 | 4 | _aPINTORES ESPAÑOLES |
| 650 | 1 | 4 | _aPINTURA ESPAÑOLA |
| 999 |
_c6661 _d6661 |
||
| 260 |
_aBarcelona : Galeria Joan Prats _c1987 |
||